000 00489nam a2200217Ia 4500
008 160525s9999||||xx |||||||||||||| ||und||
040 _cEnglish
082 _aXIV.A/India
082 _bBORI-99162
245 _aPrehistoric India
300 _a306
300 _cD
300 _ePaperback
530 _u00099162.pdf
563 _aStudy
630 _aPrehistoric India
650 _aArcheology
650 _aArcheology Study
730 _aPrehistoric India
942 _cBOOK
999 _c1385706
_d1385703